000 00626nam a2200241Ia 4500
003 OSt
005 20221005101849.0
006 a|||||r|||| 00| 0
007 ta
008 221004b |||||||| |||| 00| 0 eng d
024 _a20811
037 _cTextual
040 _aCRL
_cCRL
_beng
041 _2eng
_aeng
082 _aD65k, M5
100 _aGraf Rudolf F Ed
_9622678
245 0 _aEncyclopedia of electronic circuits
260 _aUnited
_bStates Tab Books
_c1985
300 _a749p
_ccm.
650 _aENGINEERING
942 _hD65k, M5
_cTEXL
_2cc
999 _c1007495
_d1007495